LEADER 01689nam a2200397 u 4500 001 000000111506 003 CaOOAMICUS 005 20220324174258.0 008 080507s1989 it u000 u ita u 020 $a88-17-18702-X (v. 1) 020 $z88-17-18704-5 (v. 2)* 032 $aLibriCat 040 $aPUL$bita$dLDB 041 1 $aita$hara 130 0 $aMille e una notte.$0(OLS)http://pul/title/140240 245 13$aLe mille e una notte /$ctesto stabilito sui manoscritti originali de René R. Khawam ; prefazione di Giorgio Manganelli. 260 $aMilano :$bRizzoli,$c1989. 300 $a2 v. ;$c20 cm. 490 1 $aClassici Rizzoli 500 $aVol. in cofanetto. 505 0 $av. 1. Illustri dame e galanti servitori ; Cuori disumani. -- v. 2. Passione vagabonde ; Il gusto dei giorni. 700 1 $aKhawam, René R.$0(OLS)http://pul/name/68512 700 1 $aManganelli, Giorgio.$0(OLS)http://pul/name/68513 830 0$aClassici Rizzoli.$0(OLS)http://pul/title/6649 850 $aPUL 852 $aPUL$W1$xDP1 Fondo Fallaci$y66$mB IV 1.17.1$j127816$av. 1$qFondi$B126521$CPULBib$Z2$F126521 $82 852 $aPUL$W1$xDP1 Fondo Fallaci$y66$mB IV 1.17.2$j127817$av. 2$qFondi$B126522$CPULBib$Z2$F126522 $82 941 1 $a1 961 $aEx libris Oriana Fallaci 961 $aSegnalibro a pagg. : 209, 405 961 $aEx libris Oriana Fallaci 996 $6020$a88-17-18702-X (v. 1)$9(OLS)http://pul/number/137984 996 $6020$z88-17-18704-5 (v. 2)*$9(OLS)http://pul/number/137985 996 $6245$aLe mille e una notte$9(OLS)http://pul/title/140242 996 $6260$aMilano :$bRizzoli$9(OLS)http://pul/publisher/48712 LEADER 01274nam a2200301 u 4500 001 000000065606 003 CaOOAMICUS 005 20070226121502.0 008 011211s1997 fr u000 u fre u 020 $a220405528X 035 $a10913623 040 $aPUL$bita 100 1 $aRobert, Sylvie.$0(OLS)http://pul/name/44134 245 14$aUne autre connaisance de Dieu :$ble discernement chez Ignace de Loyola /$cSylvie Robert. 260 $aParis :$bCerf,$c1997. 300 $a604 p. ;$c22 cm 490 1 $aCogitatio fidei ;$v204 504 $aBibliografia in nota. 600 04$aIgnatius Loyola,$cs.,$d1491-1556.$0(OLS)http://pul/subject/7052 830 0$aCogitatio fidei ;$v204.$0(OLS)http://pul/title/876 850 $aPUL 852 $aPUL$W1$xSL Religione 2$y84$mTheol A13 204$j84918$nBK-PRI$b $qStampati altre collocazioni$B84918$CPULBib$Z2$F84918 $H $81 941 1 $a10 960 $aIgnatius,$cof Loyola, Saint$d1491-1556$97052 960 $aIgnazio di Loyola,$cs.,$d1491-1556$97052 996 $6020$a220405528X$9(OLS)http://pul/number/85073 996 $6245$aUne autre connaisance de Dieu :$ble discernement chez Ignace de Loyola$9(OLS)http://pul/title/87237 996 $6260$aParis :$bCerf$9(OLS)http://pul/publisher/48238